000 00305nam a2200121Ia 4500
008 241015s9999 xx 000 0 und d
041 _aeng
082 _a658.5 PER
100 _aLydia Perry
245 _aStrategic Supply Chain Management
260 _bWillford Press
_aUSA
_c2020
300 _a189;. P. 27 cm
999 _c41682
_d41682